A tour through Byzantium : September 28-October 19, 1964 /

Bibliographic Details
Corporate Author: American Federation of Arts
Format: Book
Language:English
Published: New York : The Federation, [1964?]
Subjects:

MARC

Tag First Indicator Second Indicator Subfields
LEADER 00000cam a2200000 i 4500
001 in00000444713
005 20151012072138.0
008 770630s1964 nyua 00010 eng d
035 |a (OCoLC)03084094 
035 |9 ABW8590AM 
040 |a LDL  |c LDL  |d m.c.  |d TXA  |d UtOrBLW 
049 |a TXAM  |c [A09683129] 
090 |a D972  |b .A547 1964 
110 2 |a American Federation of Arts. 
245 1 2 |a A tour through Byzantium :  |b September 28-October 19, 1964 /  |c sponsored by the American Federation of Arts. 
264 1 |a New York :  |b The Federation,  |c [1964?] 
300 |a 44 pages :  |b illustrations ;  |c 24 cm. 
336 |a text  |b txt  |2 rdacontent 
337 |a unmediated  |b n  |2 rdamedia 
338 |a volume  |b nc  |2 rdacarrier 
500 |a "... a composite of excerpts from ... articles and personal observations."--page 3. 
650 0 |a Art, Byzantine. 
651 0 |a Greece  |x Description and travel. 
999 |a MARS 
999 f f |s d868a99f-2025-3af0-a42c-4a9960068a48  |i 29c752de-a6d7-3536-8d17-54571e1a91bb  |t 0 
952 f f |p ric  |a Texas A&M University  |b Rellis Campus  |c Joint Library Facility  |d Remote Storage  |t 0  |e D972 .A547 1964  |h Library of Congress classification  |i unmediated -- volume  |m A14809683129 
998 f f |a D972 .A547 1964  |t 0  |l Remote Storage